000 00691nam a2200289Ia 4500
005 20260324133006.0
008 008 260324s9999 xx 000 0 eng d
020 _a9780203792353
037 _aEBOOK
040 _aCRL
040 _beng
040 _cCRL
041 _2eng
041 _aeng
084 _qCRL
100 _aLynda Gilfillan
_91191395
245 0 _aFallen Walls
245 0 _bPrisoners of Conscience in South Africa and Czechoslovakia
260 _bTaylor and Francis
260 _c2004
365 _a
365 _b145
856 _uhttp://www.taylorfrancis.com/books/9780203792353
942 _cEBOOK
999 _c1790018
_d1790018